|
|
|
|
| LEADER |
01925cas a2200241 a 4500 |
| 001 |
AALejournalIMF021141 |
| 008 |
230101c9999 xx r poo 0 0eng d |
| 020 |
|
|
|c 5.00 USD
|
| 020 |
|
|
|z 9781513551845
|
| 022 |
|
|
|a 1934-7685
|
| 040 |
|
|
|a BD-DhAAL
|c BD-DhAAL
|
| 110 |
2 |
|
|a International Monetary Fund.
|b African Dept.
|
| 245 |
1 |
0 |
|a Kingdom of Lesotho :
|b Requests for Disbursement Under the Rapid Credit Facility and Purchase Under the Rapid Financing Instrument-Press Release; Staff Report; and Statement by the Executive Director for the Kingdom of Lesotho.
|
| 264 |
|
1 |
|a Washington, D.C. :
|b International Monetary Fund,
|c 2020.
|
| 300 |
|
|
|a 1 online resource (47 pages)
|
| 490 |
1 |
|
|a IMF Staff Country Reports
|
| 500 |
|
|
|a <strong>Off-Campus Access:</strong> No User ID or Password Required
|
| 500 |
|
|
|a <strong>On-Campus Access:</strong> No User ID or Password Required
|
| 506 |
|
|
|a Electronic access restricted to authorized BRAC University faculty, staff and students
|
| 520 |
3 |
|
|a The COVID-19 pandemic is having a severe impact on Lesotho's economy. Supply chains for major industries have been disrupted and a national shutdown to contain the virus curtailed economic activity with adverse social impacts. The economy is expected to be further hit by declining external demand for textiles and diamonds, shrinking remittances, and delays to major construction projects. The authorities are taking measures to contain the virus and are implementing plans to mitigate its health and economic consequences. The economic shock, as well as the additional required spending, have generated urgent balance-of-payments (BOP) needs. Lesotho does not have an arrangement with the Fund.
|
| 538 |
|
|
|a Mode of access: Internet
|
| 830 |
|
0 |
|a IMF Staff Country Reports; Country Report ;
|v No. 2020/228
|
| 856 |
4 |
0 |
|z Full text available on IMF
|u http://elibrary.imf.org/view/journals/002/2020/228/002.2020.issue-228-en.xml
|z IMF e-Library
|